1794 1630 1750 1823 1146 1032 1030 1295 1705 1240 1877 1617 1902 1192 1974 1915 1820 1255 1768 1209 1997 1107 1308 1401 1141 1908 1009 1507 1035 1965 1134 1777 1423 1524 1109 1105 1975 1133 1615 1295 1176 1774 1726 1096 1980 1771 1941 1069 1580 1555 1327 1796 1873 1585 1463 1244 1082 1825 1299 1570 1983 1394 1890 1286 1057 1158 1502 1687 1882 1863 1150 1984 1125 1040 1729 1704 1953 1634 1561 1310 1762 1002 1422 1639 1960 1649 1608 1343 1441 1158 1995 1881 1961 1789 1434 1139 1568 1460 1831 BCNSPRNW ULIB Ver.6.0+V

เปลี่ยนเป็นภาษาไทย

Change to English
 แสดงรายละเอียดบรรณานุกรม
  กลับหน้าหลัก

Brief Record : Get Marc (ISO 2709) : E-mail record : QR code < ปิดหน้าต่าง
LEADER : 00000nam 2200000uu 4500
001    13399110661
003     ULIB
008    110607s2551||||th 000 0 tha d
024    9789742585181
090    นว^bภ416s 2551
100 0  ภาคินัย
245 00 Lift ลิฟต์ซ่อนศพ^bภาคินัย
260    กรุงเทพฯ :^bโซฟา,2551
300    220 หน้า
945    ^p219^l0^i030130
995    เกษร
999    ^aใช้งานได้ทุกระบบ
รายการนี้ยังไม่มีแท็ก
คุณยังไม่ได้ล็อกอิน คุณสามารถมีกิจกรรมร่วมกับเว็บไซต์ได้ แต่ต้องล็อกอินก่อน ::
  ล็อกอิน

รายการสื่อสารสนเทศ

ลำดับที่ ประเภท เลขเรียก/บาร์โค้ด สถานที่ สถานะ
- ไม่พบข้อมูล -

รายการใกล้เคียง
    ผู้แต่ง [ภาคินัย]

BibComment


ยังไม่เคยถูกคอมเมนท์

คอมเมนท์ทรัพยากรรายการนี้
  คอมเมนท์: Lift ลิฟต์ซ่อนศพ ..


 Copyright 2026. Bcnsprnw @Library